000
00280nam a22001217a 4500
082
_a
88.831
_b
DHI
_c
D
245
_a
Candrella
260
_a
India
_b
Dhingra
300
_a
24 p.
_b
ill.
_c
27 cm
526
_a
0
_b
0
_c
0
_d
88_831000000000000_DHI
650
_a
NUST
_9
6342
942
_2
ddc
_c
BK
999
_c
550160
_d
550160